Biggest Cities in São Paulo - Statistics

General Stats
  • This quiz has been taken 251 times
  • The average score is 18 of 30
Answers on the Map
Answers color-coded by a green-red scale on the quiz's map according to % correct below.
 
Answer Stats
Population City % Correct
12,214,440 São Paulo
100%
433,330 Santos
92%
1,192,920 Campinas
91%
1,392,120 Guarulhos
89%
830,360 São Bernardo do Campo
79%
709,800 Ribeirão Preto
76%
699,940 Osasco
75%
714,890 São José dos Campos
75%
322,690 Guarujá
70%
721,370 Santo André
70%
680,360 Sorocaba
70%
404,810 Jundiaí
65%
426,760 Diadema
62%
330,850 Praia Grande
62%
372,950 Bauru
58%
415,370 Mogi das Cruzes
57%
436,770 São José do Rio Preto
56%
367,660 São Vicente
53%
311,060 Taubaté
51%
276,980 Barueri
50%
398,510 Piracicaba
49%
477,550 Mauá
45%
349,650 Franca
44%
289,980 Suzano
44%
299,280 Limeira
39%
276,540 Embu das Artes
34%
375,010 Itaquaquecetuba
33%
293,650 Taboão da Serra
32%
403,180 Carapicuíba
30%
282,840 Sumaré
23%
No matching quizzes found
Score Distribution
Percent of People with Each Score
Percentile by Number Answered
Your Score History
You have not taken this quiz